000 nam a22 a 4500
999 _c416917
_d416917
003 BLK
005 20210531110009.0
008 20 b bul|||||r ||||||| ||bul||
040 _aBLK
041 _aBUL
_cBUL
080 _aОвощарство в цялост
_b634.1
_z634.1(497.11+497.15)
100 _aГудев, Стефан Тодоров
_eпърви автор
_9455847
139 _aГудев, Стефан Тодоров
245 1 0 _aОвощарството в Сърбия, Босна и Херцеговина : Рапорт до г. М-ра на търговията и земледелието /
_bРапорт до г. М-ра на търговията и земледелието
_cСтефан Тодоров Гудев.
257 _aBGR
260 _aСофия
_bДърж. печ.
_c1897
_9211206
300 _a127 с., 18 л.
_bил.
_c23 см
380 _a63
490 _9435080
_aКолекция Редки и ценни издания
650 7 _9164804
_aОвощарство
651 7 _9179630
_aСърбия
651 7 _9178645
_aБосна и Херцеговина
852 _aРб 897
_bРц
942 _cKNG
_n0
_s1
944 _aCR
_c2021-05-31
_kКети